书目信息 |
| 题名: |
信息技术与教育
|
|
| 作者: | 黄荣怀 , 马丁 , 张进宝 编著 | |
| 分册: | ||
| 出版信息: | 北京 北京师范大学出版社 2008 |
|
| 页数: | 420页 | |
| 开本: | 23cm | |
| 丛书名: | ||
| 单 册: | ||
| 中图分类: | G202 , G40-057 | |
| 科图分类: | ||
| 主题词: | 信息技术--高等学校--教材 , 教育技术学--高等学校--教材 , 信息技术 , 教育技术学 | |
| 电子资源: | ||
| ISBN: | 978-7-303-06330-7 | |
| 000 | 01103nam0 2200325 45 | |
| 001 | 1029892824 | |
| 005 | 20110519161922.14 | |
| 010 | @a978-7-303-06330-7@dCNY42.00 | |
| 100 | @a20100420d2008 em y0chiy50 ea | |
| 101 | 0 | @achi |
| 102 | @aCN@b110000 | |
| 105 | @aa z 000yy | |
| 106 | @ar | |
| 200 | 1 | @a信息技术与教育@AXin Xi Ji Shu Yu Jiao Yu@f黄荣怀,马丁,张进宝编著@FHuang Rong Huai, Ma Ding, Zhang Jin Bao Bian Zhu |
| 205 | @a2版 | |
| 210 | @a北京@c北京师范大学出版社@d2008 | |
| 215 | @a420页@d23cm | |
| 300 | @a面向21世纪课程教材教育技术学专业主干课程系列教材 | |
| 330 | @a本书是信息技术的高校教材,介绍了信息技术基本知识,计算机技术、通信技术、网络技术等与教育的关系,及计算机支持的协同工作与学习。 | |
| 606 | 0 | @a信息技术@x高等学校@j教材 |
| 606 | 0 | @a教育技术学@x高等学校@j教材 |
| 606 | 0 | @a信息技术 |
| 606 | 0 | @a教育技术学 |
| 690 | @aG202@v4 | |
| 690 | @aG40-057@v4 | |
| 701 | 0 | @a黄荣怀@AHuang Rong Huai@4编著 |
| 701 | 0 | @a马丁@AMa Ding@4编著 |
| 701 | 0 | @a张进宝@AZhang Jin Bao@4编著 |
| 801 | 0 | @aCN@bTANGWEI@c20110519 |
| 905 | @b0593822-24@dG202@e486=2@f3 | |
| 信息技术与教育/黄荣怀,马丁,张进宝编著.-2版.-北京:北京师范大学出版社,2008 |
| 420页;23cm |
| 面向21世纪课程教材教育技术学专业主干课程系列教材 |
| ISBN 978-7-303-06330-7:CNY42.00 |
| 本书是信息技术的高校教材,介绍了信息技术基本知识,计算机技术、通信技术、网络技术等与教育的关系,及计算机支持的协同工作与学习。 |
| ● |
| 相关链接 |
|
|
|
|
正题名:信息技术与教育
索取号:G202/486=2
 
预约/预借
| 序号 | 登录号 | 条形码 | 馆藏地/架位号 | 状态 | 备注 |
| 1 | 0593822 | 205938226 | 第一样本阅览室/ [索取号:G202/486=2] | 在馆 | |
| 2 | 0593823 | 205938235 | 第四借阅区/ [索取号:G202/486=2] | 在馆 | |
| 3 | 0593824 | 205938244 | 第四借阅区/ [索取号:G202/486=2] | 在馆 |